La ley de blanqueo (Registro nro. 20979)

Detalles MARC
000 -LEADER
fixed length control field 00311 a2200109 4500
001 - CONTROL NUMBER
control field ART_41740
005 - DATE AND TIME OF LATEST TRANSACTION
control field 20260410161806.0
008 - FIXED-LENGTH DATA ELEMENTS--GENERAL INFORMATION
fixed length control field 260409a
100 1# - MAIN ENTRY--PERSONAL NAME
Personal name Camerini, Marcelo A.
245 10 - TITLE STATEMENT
Title La ley de blanqueo
773 0# - HOST ITEM ENTRY
Title Doctrina Societaria y Concursal
Related parts - Nº 308 (jul. 2013)
Record control number REV4298

No hay ítems disponibles.